Black Birds - Statistics

General Stats
  • This quiz has been taken 8 times
  • The average score is 36 of 66
Answer Stats
Answer Hint % Correct
Black Black-backed Woodpecker 2
83%
Black Black-bellied Plover 1
83%
Black Black-bellied Whistling-Duck 1
83%
Black Black-capped Chickadee 1
83%
Black Black-headed Gull 2
83%
Black Black-necked Stilt 1
83%
Black Black Oystercatcher 1
83%
Black Black Storm-Petrel 1
83%
Black Black Swift 2
83%
Black Black-throated Blue Warbler 1
83%
Black Black-throated Green Warbler 1
83%
Black Black-throated Sparrow 1
83%
Black American Black Duck 1
67%
Black Black-and-white Warbler 1
67%
Black Black-billed Cuckoo 1
67%
Black Black-billed Magpie 1
67%
Black Blackburnian Warbler 1
67%
Black Black-capped Gnatcatcher 3
67%
Black Black-capped Vireo 2
67%
Black Black-chinned Hummingbird 1
67%
Black Black-chinned Sparrow 1
67%
Black Black-crested Titmouse 2
67%
Black Black-crowned Night Heron 1
67%
Black Black-footed Albatross 1
67%
Black Black Guillemot 1
67%
Black Black-headed Grosbeak 1
67%
Black Black Phoebe 1
67%
Black Black Scoter 1
67%
Black Black-tailed Gull 4
67%
Black Black Tern 1
67%
Black Black-throated Gray Warbler 1
67%
Black Black Turnstone 1
67%
Black Black Vulture 1
67%
Black Common Black Hawk 2
67%
Black Great Black-backed Gull 1
67%
Black Great Black Hawk 5
67%
Black Lesser Black-backed Gull 2
67%
Black Black Noddy 2
50%
Black Blackpoll Warbler 1
50%
Black Black Rail 2
50%
Black Black-tailed Gnatcatcher 1
50%
Black Black-vented Oriole 4
50%
Black Black-vented Shearwater 1
50%
Black Black-winged Stilt 5
50%
Black Brewer's Blackbird 1
50%
Black Red-winged Blackbird 1
50%
Black Rusty Blackbird 1
50%
Black Tawny-shouldered Blackbird 5
50%
Black Tricolored Blackbird 2
50%
Black Yellow-headed Blackbird 1
50%
Black Black-capped Petrel 2
33%
Black Black-faced Grassquit 4
33%
Black Black Francolin 2*
33%
Black Black Kite 5
33%
Black Black-legged Kittiwake 1
33%
Black Black Rosy-Finch 2
33%
Black Black Skimmer 1
33%
Black Black-tailed Godwit 3
33%
Black Eurasian Blackbird 5
33%
Black Black-backed Oriole 5
17%
Black Black-bellied Storm-Petrel 5
0%
Black Black-browed Albatross 4
0%
Black Black-headed Nightingale-Thrush 5
0%
Black Black-whiskered Vireo 2
0%
Black Black-winged Petrel 3
0%
Black Blue-black Grassquit 5
0%
No matching quizzes found
Score Distribution
Percent of People with Each Score
Percentile by Number Answered
Your Score History
You have not taken this quiz